Random Foods by Picture #2 - Statistics

General Stats
  • This quiz has been taken 142 times
    130 since last reset
  • The average score is 10 of 12
Answer Stats
Picture Answer % Correct
Rice
98%
Banana
94%
French Fries
92%
Sushi
92%
Cake
88%
Marshmallows
87%
Yoghurt
85%
Peas
84%
Pickles
84%
Soup
78%
Bacon and Eggs
71%
Scrambled Eggs
62%
No matching quizzes found
Score Distribution
Percent of People with Each Score
Percentile by Number Answered
Your Score History
You have not taken this quiz since the last reset